000 00607nam a2200193Ii 4500
003 JO-AjNU
008 230605s9999||||xx |||||||||||||| ||und||
040 _aJO-AjNU
_bara
_erda
_cJO-AjNU
041 _aara
050 1 4 _aBP183.3
100 3 _aمصطفى، اسامة نعيم,
_eauthor
_938132
245 0 0 _aإنتظار الفرج في صحيح مفاتيح الفرج
264 3 1 _aد.م: د.ن، 1900
300 _a108ص
336 _atext
_btxt
_2rdacontent
337 _aunmediated
_bn
_2rdamedia
338 _avolume
_bnc
_2rdacarrier
650 4 _aالوعظ والارشاد-الادعية
_938133
999 _aA15995
_c19563
_d19563